| 000 | 00533nam a2200181Ia 4500 | ||
|---|---|---|---|
| 005 | 20250326123846.0 | ||
| 008 | 250326s9999 xx 000 0 und d | ||
| 037 | _aTextbook | ||
| 040 |
_aFMSL _beng _cFMSL |
||
| 041 |
_aeng _2eng |
||
| 084 |
_aS(X:8) K9 _qFMSL |
||
| 100 |
_aGawthrop L C _9122706 |
||
| 245 | 0 |
_aBureaucratic behavior in the executive branch: analysis of organizational change _cGawthrop L C |
|
| 260 |
_aNY _bNY, Free _c1969 |
||
| 300 | _a276p | ||
| 942 |
_cTB _hS(X:8) K9 |
||
| 999 |
_c1271231 _d1271231 |
||